Estudi sobre la normalització de vehicles de transport públic de viatgers = Estudio sobre la normalización de vehículos de transporte público de viajeros / Generalitat de Catalunya. Direcció General de Transports. Departament de Política Territorial i Obres Públiques
Descripción Física:
150, CXVIII p. ; 30 cm
Materias:
Transport de viatgers -- Normalització
MARC
| LEADER | 00000nam a2200000Ia 4500 | ||
|---|---|---|---|
| 001 | 1316 | ||
| 008 | 160829s1982 xx 000 0 cat d | ||
| 080 | |a C-1-12 | ||
| 110 | |a Catalunya. |b Direcció General de Transports |9 53473 | ||
| 245 | |a Estudi sobre la normalització de vehicles de transport públic de viatgers = Estudio sobre la normalización de vehículos de transporte público de viajeros / Generalitat de Catalunya. Direcció General de Transports. Departament de Política Territorial i Obres Públiques | ||
| 260 | |a Barcelona : |b [la Direcció General], |c 1982 | ||
| 300 | |a 150, CXVIII p. ; |c 30 cm | ||
| 650 | |a Transport de viatgers |x Normalització |9 30903 | ||
| 901 | |a Arxiu | ||
| 942 | |n 1 | ||
| 952 | |0 0 |1 0 |4 0 |6 C112 |7 1 |9 45565 |a Arxiu |b Arxiu |d 2016-12-01 |l 0 |o C-1-12 |p 1316 |r 2016-12-01 00:00:00 |w 2016-12-01 |y ARXIU | ||
| 999 | |c 48733 |d 48733 | ||